A concise catalogue of the European paintings in the Metropolitan Museum of Art (Record no. 7253)

MARC details
000 -CABECERA
campo de control de longitud fija 00854nam a2200253 a 4500
001 - NÚMERO DE CONTROL
campo de control BRCA_7579
005 - FECHA Y HORA DE LA ÚLTIMA TRANSACCIÓN
campo de control 20190320205910.0
008 - DATOS DE LONGITUD FIJA--INFORMACIÓN GENERAL
campo de control de longitud fija 200613s1954----nyu#######---#000-0#eng-#
041 ## - CÓDIGO DE LENGUA
Código de lengua del texto/banda sonora o título independiente eng
044 ## - CÓDIGO DEL PAÍS DE LA ENTIDAD EDITORA/PRODUCTORA
Código MARC del país nyu
050 #4 - SIGNATURA TOPOGRÁFICA DE LA BIBLIOTECA DEL CONGRESO
Número de clasificación ND450
Número de documento/Ítem .A45 1954
100 1# - ENTRADA PRINCIPAL--NOMBRE DE PERSONA
Nombre de persona Allen, Josephine L.
9 (RLIN) 18698
245 10 - MENCIÓN DE TÍTULO
Título A concise catalogue of the European paintings in the Metropolitan Museum of Art
Mención de responsabilidad, etc. by Josephine L. Allen & Elizabeth E. Gardner.
260 ## - PUBLICACIÓN, DISTRIBUCIÓN, ETC.
Lugar de publicación, distribución, etc. Nueva York
Nombre del editor, distribuidor, etc. Metropolitan Museum of Art
Fecha de publicación, distribución, etc. 1954
300 ## - DESCRIPCIÓN FÍSICA
Extensión 104 p.
Dimensiones 24 cm.
500 ## - NOTA GENERAL
Nota general S74
650 14 - PUNTO DE ACCESO ADICIONAL DE MATERIA--TÉRMINO DE MATERIA
Término de materia o nombre geográfico como elemento de entrada Pinturas europeas
Subdivisión de forma Exposiciones
9 (RLIN) 10739
650 14 - PUNTO DE ACCESO ADICIONAL DE MATERIA--TÉRMINO DE MATERIA
Término de materia o nombre geográfico como elemento de entrada Pinturas
Subdivisión de forma Catálogos
Subdivisión geográfica Nueva York
9 (RLIN) 13820
650 14 - PUNTO DE ACCESO ADICIONAL DE MATERIA--TÉRMINO DE MATERIA
Término de materia o nombre geográfico como elemento de entrada Galerías y museos
Subdivisión geográfica Estados Unidos
9 (RLIN) 7437
700 1# - PUNTO DE ACCESO ADICIONAL--NOMBRE DE PERSONA
Nombre de persona Gardner, Elizabeth E.
Término indicativo de función/relación coaut.
9 (RLIN) 18699
710 2# - PUNTO DE ACCESO ADICIONAL--NOMBRE DE ENTIDAD CORPORATIVA
Nombre de entidad corporativa o nombre de jurisdicción como elemento de entrada Metropolitan Museum of Art (Nueva York)
9 (RLIN) 7537
902 ## - CATALOGADOR
Iniciales GFM
942 ## - ELEMENTOS DE PUNTO DE ACCESO ADICIONAL (KOHA)
Fuente del sistema de clasificación o colocación Library of Congress Classification
Tipo de ítem Koha Libros
Holdings
Estado de retiro Estado de pérdida Estado dañado No para préstamo Localización permanente Ubicación/localización actual Fecha de adquisición Número de inventario Total de préstamos Signatura topográfica completa Código de barras Fecha visto por última vez Precio válido a partir de Tipo de ítem Koha
El ejemplar forma parte de la colección y puede ser consultado según las políticas vigentes.       Biblioteca del Museo Franz Mayer (Rogerio Casas-Alatriste) Biblioteca del Museo Franz Mayer (Rogerio Casas-Alatriste) 20/06/2013 S74   ND450 .A45 1954 (S74) 8187 22/03/2019 22/03/2019 Libros